Puentes entre alturas : (Registro nro. 8439)

Detalles MARC
000 -CABECERA
Campo de control 01727nam a22002897a 4500
005 - FECHA Y HORA DE LA ULTIMA TRANSACCION
Campo de control 20150728020001.0
008 - ELEMENTOS DE LONGITUD FIJA—INFORMACION GENERAL
Campo de control 140520b2012 ec ||||| |||| 00| 0 spa d
020 ## - ISBN
ISBN 9789942113733
041 ## - IDIOMA
Código de idioma para texto/pista de sonido o título separado Alemán
044 ## - PAÍS DE PUBLICACIÓN
País de publicación Ecuador
082 04 - NUMERO DE CLASIFICACION DECIMAL DEWEY
Número de clasificación 574.52621
Número del ítem C92p
100 1# - ASIENTO PRINCIPAL--NOMBRE PERSONAL
Nombre personal Crespo-Coello, Patricio
245 10 - MENCION DE TITULO
Título Puentes entre alturas :
Parte restante del título La sistematización del Proyecto Páramo Andino en Venezuela, Colombia, Ecuador y Perú
260 ## - PUBLICACION, DISTRIBUCION, ETC. (PIE DE IMPRENTA)
Lugar de publicación, distribución, etc. Quito
Nombre del editor, distribuidor, etc. CONDESAN
Fecha de publicación, distribución, etc. 2012
300 ## - DESCRIPCION FISICA
Extensión 299 p.
Otros detalles físicos fot. (col), tablas
Dimensiones 23 cm.
504 ## - NOTA DE BIBLIOGRAFIA, ETC.
Nota de bibliografía Incluye referencias bibliográfcas (pag. 258-259)
505 ## - NOTA DE CONTENIDO
Nota de contenido Presentación (p. 14)<br/>Introducción (p. 18)<br/>El Proyecto Páramo Andino (p. 24)<br/>La reconstrucción histórica de la experiencia (p. 42)<br/>Hallazgos, miradas y reflexiones: el legado del PPA (p. 86)<br/>Grandes cambios en el mundo paramero (p. 208)<br/>La sostenibilidad y las perspectivas futuras (p. 232)
520 ## - NOTA DE RESUMEN, ETC.
Nota de resumen La experiencia del Proyecto Páramo Andino entrelazó a las comunidades u a os beneficiarios de los Páramos a los técnicos institucionales y a las organizaciones que trabajan en y por este ecosistema en Perú, Ecuador, Colombia y Venezuela.<br/>Trabajo de reflexión dirigido a todos los públicos pero especialmente a quienes quieran emprender en el futuro nuevas actividades de conservación de los páramos andinos.
650 #6 - ASIENTO SECUNDARIO DE MATERIA - TERMINO TEMATICO
Término temático o nombre geográfico como elemento de entrada Páramos
Subdivisión de forma proyectos
Subdivisión geográfica Región Andina
650 #6 - ASIENTO SECUNDARIO DE MATERIA - TERMINO TEMATICO
Término temático o nombre geográfico como elemento de entrada Ecosistemas
Subdivisión de forma proyectos
Subdivisión geográfica Región Andina
650 #6 - ASIENTO SECUNDARIO DE MATERIA - TERMINO TEMATICO
Término temático o nombre geográfico como elemento de entrada Ecología de páramos
Subdivisión de forma proyectos
Subdivisión geográfica Región Andina
651 #6 - ASIENTO SECUNDARIO DE MATERIA - NOMBRE GEOGRAFICO
Nombre geográfico Ecuador
Subdivisión geográfica Región Andina
651 #6 - ASIENTO SECUNDARIO DE MATERIA - NOMBRE GEOGRAFICO
Nombre geográfico Colombia
Subdivisión geográfica Región Andina
651 #6 - ASIENTO SECUNDARIO DE MATERIA - NOMBRE GEOGRAFICO
Nombre geográfico Perú
Subdivisión geográfica Región Andina
651 #6 - ASIENTO SECUNDARIO DE MATERIA - NOMBRE GEOGRAFICO
Nombre geográfico Venezuela
Subdivisión geográfica Región Andina
942 ## - ELEMENTOS ADICIONALES (KOHA)
Sistema de clasificación Dewey Decimal Classification
Tipo de ítem Impreso
Koha issues (borrowed), all copies 4
Existencias
Withdrawn status Lost status Sistema de Clasificación Damaged status No para préstamo Colección Inventariado Ubicación Permanente Ubicación actual Fecha de adquisición Fuente de Valor Valor Total Checkouts Número topográfico Inventario / Código de Barras Date last seen Date checked out Ejemplar Price effective from Forma de adquisición Tipo de material
    Dewey Decimal Classification     Humboldt Inventariado 2017 Bogotá Bogotá 20/05/2014 Instituto 39000.00 2 IAVH-574.52621 C92p 038047 15/08/2018 15/08/2018 Ej. 1 20/05/2014 Institucional Libro
    Dewey Decimal Classification     Humboldt Inventariado 2017 Bogotá Bogotá 29/07/2014 Instituto 39000.00 3 IAVH-574.52621 C92p 038238 10/09/2015 27/07/2015 Ej. 3 29/07/2014 Institucional Libro
    Dewey Decimal Classification     Humboldt Inventariado 2017 Sala Fabio Quevedo Sala Fabio Quevedo 25/07/2014 Instituto 39000.00   IAVH-574.52621 C92p 038193 25/07/2014   Ej. 2 25/07/2014 Institucional Libro
    Dewey Decimal Classification     Humboldt Inventariado 2017 Sala Fabio Quevedo Sala Fabio Quevedo 17/07/2015 Instituto 39000.00   IAVH-574.52621 C92p 039137 17/07/2015   Ej. 4 17/07/2015 Institucional Libro